000 00877nam a2200229 a 4500
001 000027092
005 20260305073958.0
008 110329s1993 dr ac 001 0 spa d
040 _aDO-SdBNP
_bspa
_cBNPHU
082 _aRD868.44
_bT233a
100 1 _aTaveras Guzmán, Juan Arístides,
_d1936-
_92592
245 1 0 _aAlgunas vivencias /
_cJuan Arístides Taveras Guzmán ; prólogo Cándido Gerón.
260 _aSanto Domingo :
_bCorripio,
_c1993.
300 _a472 p :
_bil., retrs ;
_c24 cm.
650 0 _aEnsayos dominicanos
_965
650 0 _aProsa dominicana
_912146
650 4 _aDiscursos
_96584
651 4 _aRepública Dominicana
_xHistoria
_xEnsayos, Conferencias, Etc.
_97095
651 4 _aRepública Dominicana
_xPolítica Y Gobierno
_xEnsayos, Conferencias, Etc.
_91167
700 1 _aGerón, Candido,
_d1948-
_epról.
_93577
910 _aValidado. Control de calidad EMS
999 _c26584
_d26584